Report and discussion on the International Prison Congress of Stockholm, at the Social Science Congress of Cheltenham, England, October 26, 1878 (Record no. 174981)

MARC details
000 -LEADER
campo de control de longitud fija 01080nam a22002055i 4500
001 - NÚMERO DE CONTROL
campo de control 174981
003 - IDENTIFICADOR DE NÚMERO DE CONTROL
campo de control ES-MaACL
005 - FECHA Y HORA DE LA ÚLTIMA TRANSACCIÓN
campo de control 20250719062546.0
008 - DATOS DE LONGITUD FIJA--INFORMACIÓN GENERAL
campo de control de longitud fija 100906s1878 xxk |||| | eng d
110 ## - ENTRADA PRINCIPAL--NOMBRE DE ENTIDAD CORPORATIVA
Nombre de entidad corporativa o nombre de jurisdicción como elemento de entrada National Association for the Promotion of Social Science (England)
9 (RLIN) 237355
245 ## - MENCIÓN DEL TÍTULO
Título Report and discussion on the International Prison Congress of Stockholm, at the Social Science Congress of Cheltenham, England, October 26, 1878
260 ## - PUBLICACIÓN, DISTRIBUCIÓN, ETC.
Lugar de publicación, distribución, etc. Liverpool
Nombre del editor, distribuidor, etc. [s.n.],
Fecha de publicación, distribución, etc. 1878
Fabricante (Jones and Dickins)
300 ## - DESCRIPCIÓN FÍSICA
Extensión 12 p. ;
Dimensiones 20 cm.
650 04 - PUNTO DE ACCESO ADICIONAL DE MATERIA--TÉRMINO DE MATERIA
Término de materia o nombre geográfico como elemento de entrada Establecimientos penitenciarios-
Subdivisión de forma Congresos y asambleas.
9 (RLIN) 163123
852 ## - LOCALIZACIÓN
Ubicación ES-MaACL
Número de control de estantería D-273(4)
Sublocalización o colección R.FOLL.12/4
Ubicación en estantería Sala Valle Inclán
itemnumber 181716
Signatura antigua Olim: 193-C-3
Marcas de propiedad Sello en tinta en la hoja de guarda anterior del volumen: "Donativo del Sr. Lastres al Ateneo de Madrid 1907"
Donativo/Legado Donación: Francisco Lastres y Juiz
Encuadernación Encuadernado con otras obras formando un volumen facticio
903 ## - NOMBRE PERSONAL DE DONANTE
a Lastres y Juiz, Francisco,
d 1848-1918
q 1
e Donante
9 70504
942 ## - ELEMENTOS DE ENTRADA SECUNDARIOS (KOHA)
Fuente del sistema de clasificación o colocación Clasificación decimal universal
Tipo de ítem Koha Folleto
Holdings
Estatus retirado Estado de pérdida Fuente del sistema de clasificación o colocación Estado de daño No para préstamo Colección Biblioteca de origen Biblioteca actual Ubicación en estantería Fecha de adquisición Fuente de adquisición Total de préstamos Signatura topográfica completa Código de barras Visto por última vez Precio de reemplazo Tipo de ítem Koha
    Clasificación decimal universal     Colección de folletos Biblioteca del Ateneo de Madrid Biblioteca del Ateneo de Madrid Sala Valle Inclán 06/09/2010 Donación   D-273(4) 901183732 23/02/2023 23/02/2023 Folleto